LDR 00758naa#a2200181#i#450# 001 EN\\bibl\118700 005 20260516030825.6 011 ## _a1994-4683 100 ## _a20230428b2023####ek#y0engy0150####ca 102 ## _aRU 200 1# _aSTUDIES OF THE PSYCHO-EMOTIONAL STATE OF ORPHANS IN THE CONDITIONS OF CONTINUOUS SPORTS EDUCATION “SCHOOL - COLLEGE, UNIVERSITY” _eJournal article 210 1# _aMoscow _cNational State University of Physical Education, Sports and Health named after P.F. Lesgaft _d2023 215 ## _a3 с. 608 ## _aJournal article _2local 675 ## _aФилософия. Теория. Назначение. Методика. Этика. Эстетика. 796.01 _z 700 #1 _aIsmiyanov _gV V 700 #1 _aRybina _gL D 856 4# _auchzapiski.lesgaft.spb.ru _u